Légendes du football (années 2000 et 2010) - Statistiques

Statistiques générales
  • Ce quiz a été pris 813 fois
  • Le résultat moyen est 12 sur 15
Statistiques - réponses
Indices Nom % Correct
Ce joueur s'est révélé aux yeux du monde lors du beau parcours du Costa Rica en coupe du monde 2014. Parti ensuite au Real Madrid, il a acquis son statut de légende en gardant les cages madrilènes lors des trois titres consécutifs du Real en Ligue des Champions (2016, 2017, 2018) Keylor Navas
96%
Ce joueur a été révélé à Tottehnam, puis a rejoint la Real Madrid pour une somme record de 100 millions d'euros en 2013. Malgré des hauts et des bas, il a connu une carrière exceptionnelle, emmenant sa sélection en demi-finales de l'Euro 2016 et remportant 4 LdC dont une en 2018 où il marque sur un retourné acrobatique Gareth Bale
91%
Arrivé très jeune en Espagne, ce joueur français s'imposa rapidement, jusqu'à rejoindre l'Atlético Madrid et l'Equipe de France. Malgré un passage mitigé à Barcelone, il est une légende en club et surtout en sélection, où il a remporté la coupe du monde en 2018 et dont il est le meilleur passeur Antoine Griezmann
90%
Ce latéral allemand est une légende absolue du football outre-Rhin. Capitaine du Bayern Munich et de la Mannschaft durant de nombreuses années, il a remporté tous les trophées collectifs possibles, avec en point d'orgue la Coupe du Monde en 2014. Philipp Lahm
89%
Arrivé très jeune au sein d'une équipe du Milan AC très expérimentée, il s'est rapidement imposé jusqu'à devenir le meilleur joueur du monde en 2007. Ce milieu offensif brésilien contrastait avec son compatriote Ronaldinho, car son style de jeu était plus épuré et pragmatique que celui de Ronnie Kakà
88%
Ce milieu italien est un pur regista, un milieu reculé chargé de lire, d'organiser le jeu et de transmettre des passes longues à ses coéquipiers. Vainqueur de la coupe du monde en 2006, de la LdC en 2007 avec le Milan AC, il partira ensuite à la Juventus où il connaîtra une fin de carrière exceptionnelle Andrea Pirlo
86%
Ce joueur ivoirien est passé par le FC Barcelone, mais il est surtout resté célèbre pour son passage à Manchester City, où son rôle de box-to-box a été crucial lors des titres en Premier League de 2012 et 2014. En sélection, après deux échecs en finale, il remporte enfin la CAN en 2015 Yaya Touré
85%
Ce milieu défensif (ou défenseur central) argentin a d'abord marqué les esprits à Liverpool, avant de rentrer dans la légende au sein du FC Barcelone du début des années 2010. Il a été un taulier de la défense catalane, ainsi qu'en sélection argentine où il a atteint la finale du mondial en 2014 Javier Mascherano
82%
Milieu défensif élégant, ce joueur a marqué chaque club où il est passé : Real Sociedad, Liverpool, Real Madrid, Bayern Munich. Vainqueur de tous les trophées collectifs possibles, en club ainsi qu'au sein de la sélection espagnole. Xabi Alonso
81%
Peut-être le meilleur défenseur central de l'histoire de la Premier League. Ce défenseur central anglais sera un des piliers des Three Lions, qui ne remporteront aucun trophée malgré une génération exceptionnelle, mais remportera tous les titres à Manchester United. Rio Ferdinand
76%
Il restera dans l'histoire comme le joueur qui aurait dû remporter le Ballon d'Or en 2010. Finaliste de la Coupe du monde avec les Pays-Bas cette année-là, vainqueur du championnat et de la coupe d'Italie ainsi que de la LdC avec l'Inter Milan, leader technique de ces deux équipes, il ne finira pourtant que 4ème Wesley Sneijder
76%
Milieu de terrain légendaire, ce joueur allemand fit partie de l'épopée du Bayer Leverkusen lors de la Ligue des Champions 2002. Il perd la finale de la LdC, le titre de Bundesliga et la finale de la Coupe du Monde 2002 à quelques semaines d'intervalle, mais reste un joueur légendaire Michael Ballack
70%
Ce buteur néerlandais est un des symboles du Manchester United des années 2000. Meilleur joueur de Premier League en 2002, meilleur buteur de Premier League en 2003, il était un tueur devant le but. Des blessures à répétition lui empêcheront d'exprimer son plein potentiel. Ruud van Nistelrooy
65%
Ce défenseur central portugais a marqué les années 2000 de par son empreinte, en faisant partie du FC Porto vainqueur de la LdC en 2004. Il a ensuite rejoint Chelsea où il a formé une charnière impénétrable avec John Terry, n'encaissant que 15 buts en 38 matchs lors de la saison 2004-2005. Ricardo Carvalho
57%
Ce défenseur serbe est l'un des symboles du Chelsea des années 2010. S'il était un solide défenseur, il est surtout connu pour avoir marqué des buts importants, comme en 2012 pour qualifier les Blues en prolongations contre le Napoli, ou en 2013 pour remporter la ligue Europa face au Benfica à la dernière minute Branislav Ivanović
53%
Aucun quiz correspondant
Distribution des résultats
% des personnes avec chaque résultat
Percentile par nombre de réponses
Votre historique - résultats
Vous n’avez pas pris ce quiz